| 000 | 00438nam a2200169Ia 4500 | ||
|---|---|---|---|
| 008 | 240729s9999 xx 000 0 und d | ||
| 022 | _a2450-8608 | ||
| 245 | 0 | _aJournal of Veterinary Research | |
| 260 | _aPoland | ||
| 260 | _bSciendo | ||
| 650 | _a Animal culture | ||
| 650 | _a Veterinary medicine | ||
| 650 | _aAgriculture | ||
| 856 | _uhttps://doaj.org/toc/cc7b896f0aad481a80226fba4f8e03f5 | ||
| 942 | _2ddc | ||
| 942 | _cDOAJEJ | ||
| 999 |
_c66419 _d66419 |
||
| 945 |
_a1 _bMadushi Gamage _c1 _dMadushi Gamage |
||